000 00325 a2200145 4500
001 172028
020 _a
040 _cMagnum
100 _aFerreira, Glauco Rodrigues
240 1 0 _aO misterio do fiscal dos canos
_lpor
245 1 0 _aO misterio do fiscal dos canos
362 0 _a1899
697 _aJ/ROMANCE
942 _cBK
999 _c172028
_d172028